Editors on editing : (Record no. 24798)
[ view plain ]
| 000 -LEADER | |
|---|---|
| fixed length control field | 00691nam a2200217 a 4500 |
| 005 - DATE AND TIME OF LATEST TRANSACTION | |
| control field | 20140310183541.0 |
| 008 - FIXED-LENGTH DATA ELEMENTS--GENERAL INFORMATION | |
| fixed length control field | 111011s19uu xx 00 eng d |
| 010 ## - LIBRARY OF CONGRESS CONTROL NUMBER | |
| LC control number | 92029806 |
| 020 ## - INTERNATIONAL STANDARD BOOK NUMBER | |
| International Standard Book Number | 9780802132635 |
| 050 ## - LIBRARY OF CONGRESS CALL NUMBER | |
| Classification number | PN 162 |
| Item number | .Ed36 1993 |
| 245 ## - TITLE STATEMENT | |
| Title | Editors on editing : |
| Remainder of title | what writers need to know about what editors do / |
| Statement of responsibility, etc | selected, edited, and with commentary and preface by Gerald Gross. |
| 250 ## - EDITION STATEMENT | |
| Edition statement | 3rd completely rev. ed |
| 260 ## - PUBLICATION, DISTRIBUTION, ETC. (IMPRINT) | |
| Place of publication, distribution, etc | New York : |
| Name of publisher, distributor, etc | Grove Press, |
| Date of publication, distribution, etc | 1993. |
| 300 ## - PHYSICAL DESCRIPTION | |
| Extent | 377 p. : |
| Dimensions | 24 cm. |
| 500 ## - GENERAL NOTE | |
| General note | Includes bibliographical references. |
| 521 ## - TARGET AUDIENCE NOTE | |
| Target audience note | |
| 650 ## - SUBJECT ADDED ENTRY--TOPICAL TERM | |
| Topical term or geographic name as entry element | Editing |
| 650 ## - SUBJECT ADDED ENTRY--TOPICAL TERM | |
| Topical term or geographic name as entry element | Editors |
| General subdivision | Correspondence |
| 942 ## - ADDED ENTRY ELEMENTS (KOHA) | |
| Koha item type | Books |
| Source of classification or shelving scheme | Library of Congress Classification |
| Call number prefix | Local |
| Withdrawn status | Lost status | Source of classification or shelving scheme | Damaged status | Home library | Current library | Shelving location | Date acquired | Total Checkouts | Full call number | Barcode | Date last seen | Copy number | Price effective from | Koha item type |
|---|---|---|---|---|---|---|---|---|---|---|---|---|---|---|
| Library of Congress Classification | College Library | College Library | General Circulation Section | 11/13/2013 | PN 162 .Ed36 1993 | C13288 | 05/15/2018 | 1 | 10/18/2013 | Books |